000
00289cam a2200121ua 4500
082
_a
604.2
_b
BHA/EL
100
_a
Bhatt, N D .
245
_a
Elementary Engineering Drawing /
250
_a
24 /
260
_a
India :
_b
Charotar Publishing House ,
_c
1985.
300
_a
600 ; .
942
_c
BK
999
_c
2904
_d
2904